000 00987nam a22002297a 4500
999 _c62445
_d62445
005 20241104125307.0
008 241104s2015 enk||||| |||| 00| 0 eng d
020 _a9781605353890x
041 _aeng
080 _a582 P-71
245 _aPlant Systematics:
_bA Phylogenetic Approach /
_cWalter S. Judd, Christopher S. Campbell, Elizabeth A. Kellogg, Peter F. Stevens, Michael J. Donoghue.
264 _aNew York:
_bSinauer Associates,
_c2016.
300 _a678 p.:
_bill.;
_c28 cm.
653 _aმცენარეთა სისტემატიკა
653 _aფილოგენეტიკური მიდგომა
700 _aJudd, Walter S.
_eავტორი
_97297
700 _aCampbell, Christopher S.
_eავტორი
_923609
700 _aKellogg, Elizabeth A.
_eავტორი
_923610
700 _aStevens, Peter F.
_eავტორი
_923611
700 _aDonoghue, Michael J.
_eავტორი
_923612
942 _2udc
_cᲬᲘᲒᲜᲘ